000 00759nam a2200205Ii 4500
003 JO-AjNU
008 230605s9999||||xx |||||||||||||| ||und||
020 _a978-9959-852
040 _aJO-AjNU
_bara
_erda
_cJO-AjNU
041 _aara
050 1 4 _aK3410.2011
100 3 _aاعداد محمد عبدالله الفلاح,
_eauthor
_944794
245 0 0 _aشروط قبول دعوى الإلغاء " دراسة مقارنة "
264 3 1 _aبنغازي: دار الكتب الوطنية، 2011
300 _a339ص
_bيحتوي على فهرس من ص 333-339ص
336 _atext
_btxt
_2rdacontent
337 _aunmediated
_bn
_2rdamedia
338 _avolume
_bnc
_2rdacarrier
650 4 _aالدعوى المدنية - قوانين وتشريعات
_944795
999 _aA19369
_c22937
_d22937